00574pab a2200169 454500008004000000100002000040245007900060260000900139300001300148362001100161650004000172650002300212773003400235909001100269999001900280952010500299180718b2017 xxu||||| |||| 00| 0 eng d aSingh, Sukhpal  aAddressing the agrarian crisis in Punjab: rRole of agro-markets and policy c2017 ap.37-40. a21 Jan aAgrarian structure - India - Punjab aAgrarian structure aEconomic and Political Weekly a113549 c113543d113543 00104070aIIPAbIIPAd2018-07-19hVolume no: 52, Issue no: 3pAR114009r2018-07-19w2018-07-19yAR